Statistics for Most expensive football transfers - Centre-Backs

Click here to take the quiz!

General Stats

  • This quiz has been taken 29 times
  • The average score is 9 of 10

Answer Stats

Fee (M €)SeasonNationalityLeftJoinedPlayer% Correct
87,002019-2020EnglandLeicesterManchester UnitedHarry Maguire
96%
90,002023-2024CroatiaRB LeipzigManchester CityJosko Gvardiol
93%
84,652017-2018NetherlandsSouthamptonLiverpoolVirgil van Dijk
93%
85,502019-2020NetherlandsAjaxJuventusMatthijs de Ligt
89%
67,002022-2023NetherlandsJuventusBayern MunichMatthijs de Ligt
89%
71,602020-2021PortugalBenficaManchester CityRúben Dias
89%
65,002017-2018France / SpainAthleticManchester CityAymeric Laporte
86%
55,602016-2017EnglandEvertonManchester CityJohn Stones
86%
80,402022-2023FranceLeicesterChelseaWesley Fofana
86%
57,372022-2023ArgentinaAjaxManchester UnitedLisandro Martínez
82%

Score Distribution

Percentile by Number Answered

Percent of People with Each Score

Your Score History

You have not taken this quiz